| 000 | 00836nam a22002177a 4500 | ||
|---|---|---|---|
| 008 | 091104t xxu||||| |||| 00| 0 eng d | ||
| 010 | _aB-360050 | ||
| 020 |
_a978871981243 _c240-00 |
||
| 035 | _aB-360050 | ||
| 037 |
_aUBH _bRP/CL/E;20/21-10-09/24-10-09/30-10-09 |
||
| 040 |
_adpl _beng |
||
| 082 | _a510.650 | ||
| 100 | _aThukral,J.K | ||
| 245 |
_aMathematics for Business Studies _cby J.K.Thukral |
||
| 260 |
_aNew Delhi _bMayur Paperbacks _c2009 |
||
| 270 |
_a23 Darya Ganj _bNew Delhi _e110002 _k23242257 |
||
| 300 |
_a793pg _c24cm |
||
| 942 |
_2ddc _cEN _h510.650 _mTHU |
||
| 999 |
_c31309 _d31309 |
||